banner koha

Flora do Rio de Janeiro: Mayacaceae (Registro n. 331128)

MARC details
000 -LÍDER
fixed length control field 02094nab a2200277 i 4500
003 - CÓDIGO MARC DA AGÊNCIA CATALOGADORA
Campo de controle BR-BrBNA
005 - DATA E HORA DA ÚLTIMA ATUALIZAÇÃO
Campo de controle 20250422102301.0
008 - CAMPO DE TAMANHO FIXO
fixed length control field 250422b2017 bl.qr|pooa||| 00| 0 por |
040 ## - FONTE DA CATALOGAÇÃO
Agência catalogadora BR-BrBNA
Idioma da catalogação por
072 ## - CATEGORIA AGRIS
Código AGRIS F70
100 ## - ENTRADA PRINCIPAL - NOME PESSOAL
Nome pessoal Canalli, Yasmin de Mello
100 ## - ENTRADA PRINCIPAL - NOME PESSOAL
Nome pessoal Moreira, Andréia Donza Rezende
100 ## - ENTRADA PRINCIPAL - NOME PESSOAL
Nome pessoal Bove, Claudia Petean
245 ## - TÍTULO PRINCIPAL
Título principal Flora do Rio de Janeiro: Mayacaceae
500 ## - NOTA GERAL
Nota geral Publicação on-line; 14 ref.; 1 illus.; Summaries (En, Pt)
942 ## - ADDED ENTRY ELEMENTS (KOHA)
Koha item type Analítica
520 ## - NOTA DE RESUMO
Nota de conteúdo <br/>Resumo<br/><br/>O presente estudo tem como objetivo contribuir para o conhecimento das espécies da família<br/>Mayacaceae ocorrentes no estado do Rio de Janeiro. O trabalho tem por base a análise<br/>morfológica de materiais depositados em herbários e coletas de campo, além da compilação<br/>de dados de literatura. Foram registradas duas espécies: Mayaca fluviatilis e M. sellowiana. Chave de identificação,<br/>descrições, ilustrações, dados sobre hábitat e distribuição geográfica das espécies são apresentados.<br/><br/>Palavras-chave: musgo-de-flor, planta aquática, Sudeste do Brasil, taxonomia.<br/><br/><br/><br/><br/><br/>Abstract<br/><br/>This study aims to contribute to the knowledge of Mayacaceae family species occurring in<br/>the state of Rio de Janeiro. The work is based on the morphological analysis of materials<br/>deposited in herbarium collections and field, as well as on a review of the relevant literature. Two species were<br/>recorded: Mayaca fluviatilis and M. sellowiana. Identification key, description, habitat data, and geographic<br/>distribution are also provided.<br/><br/>Key words: moss-of-flower, aquatic plant, Brazil’s Southeast, taxonomy.
650 ## - ASSUNTO - THESAGRO
Cabeçalho tópico ou nome geográfico PLANTA AQUÁTICA
650 ## - ASSUNTO - THESAGRO
Cabeçalho tópico ou nome geográfico MUSGO
650 ## - ASSUNTO - THESAGRO
Cabeçalho tópico ou nome geográfico SUDESTE
650 ## - ASSUNTO - THESAGRO
Cabeçalho tópico ou nome geográfico TAXONOMIA
650 ## - ASSUNTO - THESAGRO
Cabeçalho tópico ou nome geográfico MAYACACEAE
773 0# - ENTRADA ANALÍTICA
Host Biblionumber 709
Registro do item 349992
Imprenta Rio de Janeiro-RJ Jardim Botanico do Rio de Janeiro 1935
Outro identificador 2025-2514
Título Rodriguésia (Brazil)
ISSN 0370-6583; 2175-7860 on-line
Colação v. 68(1) p. 073-075; (2017)
Número de controle de registro BR2025000721
856 ## - ACESSO E ENDEREÇO ELETRÔNICO
Identificador uniforme de recurso - URI https://www.scielo.br/j/rod/a/56qRCwS897DGnn85CjBnTwQ/?format=pdf&lang=pt

Nenhum exemplar disponível.

BINAGRI

Telefone: (61)3218-2567/2388/3357/2097 - binagri@agro.gov.br

Ministério da Agricultura e Pecuária , Esplanada dos Ministérios, Bloco D, Anexo B, Brasília/DF, CEP: 70.043-900